LEADER 00738nam a2200205 4500 001 000000367076 003 CaOOAMICUS 005 20260331110318.0 008 260331s1971 it 000 u ita r 040 $aSeMil$bita 245 10$a1: Matteo-Marco. 264 1$aRoma :$bCittà Nuova,$c1971. 300 $a429 p. :$c21 cm 773 0 $aSchiwy, Günther <1932-2008>$tIntroduzione al Nuovo Testamento.$dRoma : Città Nuova, 1971-1973.$g1$w()367074 850 $aSeMil 852 $aSeMil$W1$xVenegono$y1$B257809$CSeMilBibl$Z2$F257809 $81 961 $aGiusi Prandoni - Omaggio 996 $6245$a1: Matteo-Marco$9(OLS)http://semarc/title/458920 996 $6264$aRoma :$bCittà Nuova$9(OLS)http://semarc/publisher/29609